[Event "Ïåðâåíñòâî Ìîñêâû ïî øàõìàòàì"]
[Site "Ìîñêâà, ÌÃÈÌÎ ïð. Âåðíàäñêîãî,"]
[Date "2018.11.21"]
[Round "5.7"]
[White "Pobedimova, Anastasija"]
[Black "Mayorova, Varvara"]
[Result "1-0"]
[WhiteElo "1192"]
[BlackElo "1294"]
[PlyCount "81"]
[EventDate "2018.11.18"]

1. e4 c5 2. c3 d5 3. exd5 Qxd5 4. d4 Nf6 5. Nf3 Bg4 6. Be2 e6 7. O-O Be7 8. h3
Bh5 9. Na3 a6 10. Nc2 Nc6 11. Ne3 Qd8 12. Nc2 cxd4 13. Nfxd4 Bxe2 14. Qxe2 Nxd4
15. Nxd4 O-O 16. Qf3 Qb6 17. Rb1 Rfd8 18. Be3 Qc7 19. Rfd1 Rac8 20. Bf4 e5 21.
Bg3 Qa5 22. Nf5 Bf8 23. a3 e4 24. Qf4 Qa4 25. Re1 Rc6 26. Bh4 Re8 27. Qg5 Kh8
28. Red1 Rc5 29. Qf4 Nh5 30. Qg4 g6 31. Nd6 f5 32. Qe2 Bxd6 33. Rxd6 e3 34. Bg5
f4 35. Rd4 exf2+ 36. Qxf2 Qb5 37. Rb4 Qc6 38. Bxf4 a5 39. Qd4+ Kg8 40. Rxb7
Nxf4 41. Qg7# 1-0

[Event "Ïåðâåíñòâî Ìîñêâû ïî øàõìàòàì"]
[Site "Ìîñêâà, ÌÃÈÌÎ ïð. Âåðíàäñêîãî,"]
[Date "2018.11.21"]
[Round "5.8"]
[White "Anchikova, Olga"]
[Black "Denschik, Alexandra"]
[Result "0-1"]
[WhiteElo "1341"]
[BlackElo "1228"]
[PlyCount "109"]
[EventDate "2018.11.18"]

1. e4 c5 2. Nc3 g6 3. f4 Nc6 4. Nf3 Bg7 5. Bc4 d6 6. d3 Nd4 7. h3 e6 8. O-O Ne7
9. Be3 O-O 10. Qd2 f5 11. Qf2 Nec6 12. Bb3 Nxf3+ 13. Qxf3 Nd4 14. Qf2 Kh8 15.
Rfe1 b6 16. Qd2 Bb7 17. Bf2 Nxb3 18. axb3 Bh6 19. g3 fxe4 20. dxe4 e5 21. Be3
Qd7 22. Kh2 Bc8 23. f5 Bxe3 24. Rxe3 gxf5 25. exf5 Qxf5 26. Qg2 Qf2 27. Rd3
Qxg2+ 28. Kxg2 Bb7+ 29. Kg1 Rf3 30. Rxf3 Bxf3 31. Nb5 d5 32. Rxa7 Rxa7 33. Nxa7
Bd1 34. c3 Bxb3 35. Nc8 b5 36. Nd6 e4 37. Nxb5 Kg7 38. Kf2 Kf6 39. Ke3 Ke5 40.
h4 Bc4 41. Na3 Bd3 42. b4 cxb4 43. cxb4 d4+ 44. Kd2 Kf5 45. b5 Kg4 46. b6 Ba6
47. Nb5 e3+ 48. Ke1 d3 49. Kd1 Bxb5 50. b7 Ba4+ 51. Kc1 d2+ 52. Kb2 d1=Q 53.
b8=Q Qb3+ 54. Qxb3 Bxb3 55. Kxb3 0-1

[Event "Ïåðâåíñòâî Ìîñêâû ïî øàõìàòàì"]
[Site "Ìîñêâà, ÌÃÈÌÎ ïð. Âåðíàäñêîãî,"]
[Date "2018.11.21"]
[Round "5.10"]
[White "Prokhina, Ulyana"]
[Black "Osipchul, Lidiya"]
[Result "0-1"]
[WhiteElo "1249"]
[BlackElo "1154"]
[PlyCount "58"]
[EventDate "2018.11.18"]

1. e4 e5 2. Nf3 Nc6 3. Bc4 Bc5 4. c3 Nf6 5. d4 exd4 6. e5 Ne4 7. Bd5 Nxf2 8.
Kxf2 dxc3+ 9. Kf1 cxb2 10. Bxb2 O-O 11. Nbd2 d6 12. Qc2 Be6 13. Be4 h6 14. Rd1
Nb4 15. Qc1 Nxa2 16. Qa1 c6 17. exd6 f6 18. d7 Qc7 19. Bg6 Rad8 20. Be8 Qd6 21.
Nb3 Bc4+ 22. Ke1 Qe6+ 23. Be5 Bxb3 24. Ke2 fxe5 25. Rd2 Qc4+ 26. Rd3 Qc2+ 27.
Rd2 Qe4+ 28. Kf1 Bc4+ 29. Rd3 Bxd3# 0-1

[Event "Ïåðâåíñòâî Ìîñêâû ïî øàõìàòàì"]
[Site "Ìîñêâà, ÌÃÈÌÎ ïð. Âåðíàäñêîãî,"]
[Date "2018.11.21"]
[Round "5.14"]
[White "Kirianova, Evgeniia"]
[Black "Dvoeglazova, Daria"]
[Result "1-0"]
[WhiteElo "1214"]
[BlackElo "1247"]
[PlyCount "51"]
[EventDate "2018.11.18"]

1. c4 e5 2. Nc3 Nc6 3. g3 g6 4. Bg2 Bg7 5. d3 d6 6. Nf3 Be6 7. O-O h6 8. Rb1
Qd7 9. b4 Bh3 10. b5 Nd4 11. Nxd4 Bxg2 12. Kxg2 exd4 13. Nd5 g5 14. a4 g4 15.
e3 O-O-O 16. b6 cxb6 17. Rxb6 Nf6 18. Nxf6 Bxf6 19. Rb1 h5 20. Qb3 h4 21. e4
Rh5 22. Bf4 Rdh8 23. gxh4 Rxh4 24. Qb5 Qc7 25. Qf5+ Kb8 26. Qxf6 1-0

[Event "Ïåðâåíñòâî Ìîñêâû ïî øàõìàòàì"]
[Site "Ìîñêâà, ÌÃÈÌÎ ïð. Âåðíàäñêîãî,"]
[Date "2018.11.22"]
[Round "6.1"]
[White "Kirchei, Viktoriia"]
[Black "Mikhailina, Elena"]
[Result "1/2-1/2"]
[WhiteElo "2002"]
[BlackElo "1736"]
[PlyCount "108"]
[EventDate "2018.11.18"]

1. e4 c5 2. Nf3 e6 3. d4 cxd4 4. Nxd4 a6 5. Nc3 b5 6. Bd3 Bb7 7. a3 Nc6 8. Be3
Qc7 9. Qd2 d6 10. O-O Nf6 11. f3 Be7 12. a4 Nxd4 13. Bxd4 b4 14. Na2 a5 15. c3
bxc3 16. Bb5+ Nd7 17. Bxc3 O-O 18. b4 axb4 19. Nxb4 Nc5 20. Qb2 e5 21. a5 Na6
22. Nxa6 Bxa6 23. Bxa6 Rxa6 24. Rfc1 Rb8 25. Qd2 Qa7+ 26. Kh1 h6 27. Qd5 Qb7
28. Qd3 Qb5 29. Qxb5 Rxb5 30. Rcb1 Rxb1+ 31. Rxb1 Rc6 32. Bd2 Rc2 33. Ra1 d5
34. a6 Bc5 35. Bb4 Bd4 36. a7 Bxa7 37. exd5 Bc5 38. Bxc5 Rxc5 39. Rd1 Kf8 40.
Kg1 Ke7 41. d6+ Kd7 42. Kf2 Rc6 43. Rd5 f6 44. Ke3 Rxd6 45. Ra5 Ke6 46. Ra7 Rd7
47. Ra6+ Kf5 48. h4 h5 49. Ra4 Rd4 50. Ra7 Rxh4 51. Rxg7 Ra4 52. Rb7 Ra3+ 53.
Kf2 Ra4 54. Kg3 Rd4 1/2-1/2

[Event "Ïåðâåíñòâî Ìîñêâû ïî øàõìàòàì"]
[Site "Ìîñêâà, ÌÃÈÌÎ ïð. Âåðíàäñêîãî,"]
[Date "2018.11.22"]
[Round "6.2"]
[White "Zvereva, Margarita"]
[Black "Kasaeva, Sofiia"]
[Result "0-1"]
[WhiteElo "1787"]
[BlackElo "1874"]
[PlyCount "156"]
[EventDate "2018.11.18"]

1. e4 c5 2. Nf3 e6 3. d4 cxd4 4. Nxd4 Nf6 5. Bd3 Be7 6. O-O d6 7. Qe2 a6 8. c4
Qc7 9. Nc3 Nbd7 10. Kh1 Ne5 11. f4 Nxd3 12. Qxd3 O-O 13. b3 b6 14. Bb2 Bb7 15.
Rae1 Nd7 16. Re3 Bf6 17. Rh3 g6 18. Qd2 Bg7 19. Re1 Rfe8 20. Nde2 Nf6 21. Nc1
Rad8 22. Rd3 Ba8 23. a4 Ng4 24. h3 Nf6 25. Qe2 Nxe4 26. Nxe4 Bxe4 27. Re3 Bxb2
28. Qxb2 d5 29. cxd5 exd5 30. Nd3 Re6 31. Ne5 Qc2 32. Qxc2 Bxc2 33. Rc1 d4 34.
Re2 Bxb3 35. Rd2 Bxa4 36. Rc4 b5 37. Rcxd4 Rxd4 38. Rxd4 Bb3 39. Rd8+ Kg7 40.
Nd3 Bc4 41. Ne5 Bb3 42. Nd3 Rc6 43. Ra8 Rd6 44. Nb4 Rd4 45. Nxa6 Ra4 46. Nc7
Rxa8 47. Nxa8 b4 48. Nb6 Bc2 49. Nc4 b3 50. Kg1 Kf6 51. Kf2 h5 52. Kf3 Ke6 53.
Ke3 h4 54. Nb2 Kd5 55. g3 hxg3 56. Kf3 Kd4 57. Kxg3 Bf5 58. h4 Kc3 59. Na4+ Kc2
60. Kf3 Bd7 61. Nb6 Bc6+ 62. Kg4 b2 63. Nc4 Bb5 64. Nxb2 Kxb2 65. Kg5 Bc4 66.
f5 gxf5 67. Kxf5 Bd3+ 68. Kf6 Bg6 69. Kg5 Kc3 70. h5 Bxh5 71. Kxh5 Kd4 72. Kg4
Ke4 73. Kg3 f5 74. Kf2 Kf4 75. Ke2 Kg3 76. Kf1 Kf3 77. Kg1 Ke2 78. Kg2 f4 0-1

[Event "Ïåðâåíñòâî Ìîñêâû ïî øàõìàòàì"]
[Site "Ìîñêâà, ÌÃÈÌÎ ïð. Âåðíàäñêîãî,"]
[Date "2018.11.22"]
[Round "6.3"]
[White "Ochirova, Anita"]
[Black "Gaer, Margarita"]
[Result "1-0"]
[WhiteElo "1554"]
[BlackElo "1672"]
[PlyCount "89"]
[EventDate "2018.11.18"]

1. Nf3 e6 2. d4 f5 3. Bf4 d5 4. e3 Nf6 5. c4 c6 6. Nc3 Be7 7. Bd3 O-O 8. O-O
Ne4 9. h3 Nd7 10. Rc1 g5 11. Bh2 Qe8 12. Ne5 Nxe5 13. Bxe5 Qg6 14. f3 Nxc3 15.
bxc3 Qh6 16. cxd5 exd5 17. c4 Bd6 18. Bxd6 Qxd6 19. cxd5 cxd5 20. Qb3 b6 21. e4
Be6 22. e5 Qe7 23. Rc6 Rac8 24. Rfc1 Qf7 25. Qb4 Rxc6 26. Rxc6 Rc8 27. Rxc8+
Bxc8 28. Qd6 g4 29. Qd8+ Qf8 30. Qxd5+ Qf7 31. Qd8+ Qf8 32. Qxf8+ Kxf8 33. hxg4
fxg4 34. Bxh7 Be6 35. a3 Ke7 36. Be4 b5 37. d5 Bc8 38. Kf2 a5 39. Ke3 gxf3 40.
gxf3 a4 41. Kd4 b4 42. axb4 Ba6 43. Kc5 Be2 44. d6+ Ke6 45. Bd5+ 1-0

[Event "Ïåðâåíñòâî Ìîñêâû ïî øàõìàòàì"]
[Site "Ìîñêâà, ÌÃÈÌÎ ïð. Âåðíàäñêîãî,"]
[Date "2018.11.22"]
[Round "6.4"]
[White "Lobanova, Milana"]
[Black "Shevtsova, Stefania"]
[Result "1/2-1/2"]
[WhiteElo "1461"]
[BlackElo "1501"]
[PlyCount "92"]
[EventDate "2018.11.18"]

1. d4 d5 2. Nf3 Nf6 3. c4 c6 4. g3 Bg4 5. Bg2 e6 6. O-O Nbd7 7. b3 Be7 8. Bb2
O-O 9. Nbd2 Re8 10. Rc1 Rc8 11. a3 a5 12. Re1 c5 13. e3 Qb6 14. h3 Bh5 15. g4
Bg6 16. Ne5 Nxe5 17. dxe5 Ne4 18. Nxe4 dxe4 19. Qc2 Red8 20. Bxe4 Bxe4 21. Qxe4
Qxb3 22. Rb1 b5 23. cxb5 Qxb5 24. Bc3 Qd3 25. Qxd3 Rxd3 26. Bxa5 Rxa3 27. Ra1
Rxa1 28. Rxa1 Ra8 29. Bc3 Rxa1+ 30. Bxa1 Kf8 31. Kf1 Ke8 32. Ke2 Kd7 33. Kd3
Kc6 34. Kc4 Bh4 35. f4 Bf2 36. e4 Be3 37. f5 Bd4 38. Bxd4 cxd4 39. Kxd4 Kb5 40.
Ke3 g5 41. fxg6 fxg6 42. Kd4 g5 43. Kd3 Kb4 44. Kd4 h6 45. Kd3 Kc5 46. Kc3 Kb5
1/2-1/2

[Event "Ïåðâåíñòâî Ìîñêâû ïî øàõìàòàì"]
[Site "Ìîñêâà, ÌÃÈÌÎ ïð. Âåðíàäñêîãî,"]
[Date "2018.11.22"]
[Round "6.5"]
[White "Vetokhina, Sofia"]
[Black "Pobedimova, Anastasija"]
[Result "1-0"]
[WhiteElo "1595"]
[BlackElo "1192"]
[PlyCount "113"]
[EventDate "2018.11.18"]

1. d4 d5 2. c4 e6 3. g3 Nf6 4. Bg2 Be7 5. Nf3 O-O 6. O-O b6 7. Qc2 Bb7 8. Rd1
Nbd7 9. cxd5 exd5 10. Nc3 Re8 11. Bf4 a6 12. Rac1 c5 13. dxc5 bxc5 14. Nd2 Nf8
15. Qb3 Bc6 16. Bg5 Rb8 17. Qc2 Ne6 18. Bxf6 Bxf6 19. e3 Qd7 20. b3 Qb7 21. Ne2
Rbc8 22. e4 d4 23. Nc4 Qc7 24. f4 Be7 25. Ne5 Ba8 26. Qc4 a5 27. Bh3 Bd6 28.
Nd3 Bxe4 29. Re1 Ba8 30. Bg2 Bxg2 31. Kxg2 Qb7+ 32. Kf2 Nf8 33. Qa4 Qa8 34. Qb5
Qa7 35. Rc2 Nd7 36. Rec1 Rc7 37. Kf1 Rec8 38. Nb2 Rb8 39. Qd3 Nb6 40. Nc4 Nxc4
41. Rxc4 Qa6 42. Qd2 Re8 43. R1c2 Qa8 44. Ng1 Re6 45. Ra4 Ra7 46. Rc1 Qd8 47.
Nf3 Qb6 48. Ng5 Qb5+ 49. Rac4 Re3 50. Re1 Ree7 51. Ne4 Qb6 52. Qd3 h6 53. Rec1
Rac7 54. Ra4 Red7 55. Nd2 Ra7 56. Nc4 Qc7 57. Qd2 1-0

[Event "Ïåðâåíñòâî Ìîñêâû ïî øàõìàòàì"]
[Site "Ìîñêâà, ÌÃÈÌÎ ïð. Âåðíàäñêîãî,"]
[Date "2018.11.22"]
[Round "6.6"]
[White "Osipchul, Lidiya"]
[Black "Soblirova, Sabina"]
[Result "0-1"]
[WhiteElo "1154"]
[BlackElo "1412"]
[PlyCount "96"]
[EventDate "2018.11.18"]

1. e4 e6 2. d4 d5 3. exd5 exd5 4. Nf3 Bd6 5. Be2 Ne7 6. O-O O-O 7. c4 dxc4 8.
Bxc4 Nbc6 9. Nc3 Bg4 10. d5 Bxf3 11. Qxf3 Ne5 12. Qe4 Nxc4 13. Qxc4 Ng6 14. Re1
Re8 15. Be3 Qd7 16. Nb5 Ne5 17. Qb3 Ng4 18. h3 Nxe3 19. Nxd6 Qxd6 20. Rxe3 Rxe3
21. fxe3 b6 22. Qc4 Re8 23. e4 Qg3 24. Kh1 Qe5 25. Re1 Kh8 26. Rd1 h6 27. b4
Qf4 28. Re1 f5 29. Rf1 Qxe4 30. Qxc7 Qxd5 31. Qxa7 Re2 32. Rg1 Re3 33. Kh2 Qd6+
34. Kh1 Qxb4 35. Qd7 Qe4 36. Kh2 Kh7 37. Rf1 f4 38. Rc1 Re2 39. Qg4 f3 40.
Qxe4+ Rxe4 41. gxf3 Re2+ 42. Kg3 Rxa2 43. Rb1 Ra6 44. Rb5 Kg6 45. Kf4 Kf6 46.
Ke4 Ke6 47. Kf4 Kd6 48. Kf5 Ra5 0-1

[Event "Ïåðâåíñòâî Ìîñêâû ïî øàõìàòàì"]
[Site "Ìîñêâà, ÌÃÈÌÎ ïð. Âåðíàäñêîãî,"]
[Date "2018.11.22"]
[Round "6.7"]
[White "Denschik, Alexandra"]
[Black "Krupnova, Anna"]
[Result "0-1"]
[WhiteElo "1228"]
[BlackElo "1759"]
[PlyCount "34"]
[EventDate "2018.11.18"]

1. c4 c5 2. g3 g6 3. Bg2 Bg7 4. Nc3 Nc6 5. e3 e5 6. Nf3 Nge7 7. b3 d5 8. cxd5
Nxd5 9. O-O e4 10. Ne1 Nxc3 11. Qc2 Nb4 12. dxc3 Nxc2 13. Nxc2 Bxc3 14. Rb1 O-O
15. Bxe4 Bh3 16. Bxb7 Bxf1 17. Bxa8 Qd1 0-1

[Event "Ïåðâåíñòâî Ìîñêâû ïî øàõìàòàì"]
[Site "Ìîñêâà, ÌÃÈÌÎ ïð. Âåðíàäñêîãî,"]
[Date "2018.11.22"]
[Round "6.8"]
[White "Zontova, Olga"]
[Black "Parsegyan, Kseniya"]
[Result "1-0"]
[WhiteElo "1022"]
[BlackElo "1533"]
[PlyCount "79"]
[EventDate "2018.11.18"]

1. e4 c5 2. Nf3 e6 3. d4 cxd4 4. Nxd4 a6 5. Nc3 Qc7 6. Bd3 Nc6 7. Nxc6 bxc6 8.
O-O d5 9. Re1 Be7 10. exd5 cxd5 11. Qg4 g6 12. Qd4 Bf6 13. Nxd5 Qd8 14. Nxf6+
Qxf6 15. Qxf6 Nxf6 16. Bg5 Nd7 17. Rad1 O-O 18. Bf4 Nc5 19. Bd6 Nxd3 20. Rxd3
Rd8 21. Red1 Bb7 22. Bc7 Rxd3 23. Rxd3 Rc8 24. Rd8+ Rxd8 25. Bxd8 Kf8 26. f3
Ke8 27. Bf6 Kd7 28. Kf2 Bd5 29. a3 Kd6 30. Ke3 e5 31. g4 Ke6 32. g5 Kf5 33. b3
e4 34. c4 Bc6 35. fxe4+ Bxe4 36. Kd4 Bc2 37. b4 Bb3 38. b5 axb5 39. cxb5 h6 40.
b6 1-0

[Event "Ïåðâåíñòâî Ìîñêâû ïî øàõìàòàì"]
[Site "Ìîñêâà, ÌÃÈÌÎ ïð. Âåðíàäñêîãî,"]
[Date "2018.11.22"]
[Round "6.9"]
[White "Mayorova, Varvara"]
[Black "Platuschikhina, Darya"]
[Result "1-0"]
[WhiteElo "1294"]
[BlackElo "1226"]
[PlyCount "75"]
[EventDate "2018.11.18"]

1. e4 c5 2. Nf3 d6 3. d4 cxd4 4. Nxd4 Nf6 5. Nc3 e6 6. f4 Nc6 7. Be3 Be7 8. Qf3
e5 9. Nxc6 bxc6 10. f5 O-O 11. O-O-O Bb7 12. g4 Rc8 13. g5 Ne8 14. h4 g6 15. f6
Nxf6 16. gxf6 Bxf6 17. h5 Bg5 18. Bh3 Rc7 19. Rhg1 Bxe3+ 20. Qxe3 Qe7 21. Qxa7
d5 22. Qf2 d4 23. Ne2 c5 24. Ng3 Qh4 25. Qg2 c4 26. hxg6 fxg6 27. Be6+ Kh8 28.
Kb1 Rf4 29. Bd5 Bc8 30. Rdf1 Bh3 31. Rxf4 exf4 32. Qf2 Qf6 33. Nh5 Qe5 34. Qxf4
Qxf4 35. Nxf4 Bd7 36. Rh1 Kg7 37. Ne6+ Bxe6 38. Bxe6 1-0

[Event "Ïåðâåíñòâî Ìîñêâû ïî øàõìàòàì"]
[Site "Ìîñêâà, ÌÃÈÌÎ ïð. Âåðíàäñêîãî,"]
[Date "2018.11.22"]
[Round "6.13"]
[White "Prokhina, Ulyana"]
[Black "Vorovitskaya, Anastasia"]
[Result "0-1"]
[WhiteElo "1249"]
[BlackElo "1256"]
[PlyCount "64"]
[EventDate "2018.11.18"]

1. e4 e5 2. Nf3 Nc6 3. Bc4 Nf6 4. Ng5 d5 5. exd5 Na5 6. Bb5+ c6 7. dxc6 bxc6 8.
Bd3 Ng4 9. Ne4 f5 10. Ng3 e4 11. Be2 h5 12. h3 Nxf2 13. Kxf2 Qh4 14. Bxh5+ Kd8
15. d3 Bc5+ 16. Kf1 Qxg3 17. dxe4+ Kc7 18. Qe1 Ba6+ 19. Be2 Bxe2+ 20. Qxe2 fxe4
21. Bf4+ Qxf4+ 22. Ke1 Qg3+ 23. Kd1 Rad8+ 24. Nd2 e3 25. Qf1 Rxd2+ 26. Kc1 Qg6
27. Qf4+ Kb7 28. Qa4 Bb6 29. Rf1 Rhd8 30. a3 e2 31. Re1 Rd1+ 32. Rxd1 Rxd1# 0-1

[Event "Ïåðâåíñòâî Ìîñêâû ïî øàõìàòàì"]
[Site "Ìîñêâà, ÌÃÈÌÎ ïð. Âåðíàäñêîãî,"]
[Date "2018.11.22"]
[Round "6.14"]
[White "Dvoeglazova, Daria"]
[Black "Bakhtina, Anastasiya"]
[Result "0-1"]
[WhiteElo "1247"]
[BlackElo "1405"]
[PlyCount "80"]
[EventDate "2018.11.18"]

1. e4 e5 2. Nf3 Nc6 3. Bc4 Bc5 4. c3 Nf6 5. d4 exd4 6. cxd4 Bb4+ 7. Nc3 Nxe4 8.
O-O Nxc3 9. bxc3 Be7 10. Ne5 Nxe5 11. dxe5 d6 12. Qh5 d5 13. Bb5+ c6 14. Ba4
Qa5 15. Bb3 Qxc3 16. Bg5 Qb4 17. Rab1 Qg4 18. Qxg4 Bxg4 19. Be3 O-O 20. f4 Bf5
21. Rbd1 Rfd8 22. h3 h6 23. g4 Be4 24. f5 Bg5 25. Bc5 b6 26. Bd6 Be3+ 27. Kh2
Bc5 28. Bxc5 bxc5 29. Rc1 c4 30. Ba4 Rac8 31. Bc2 Bxc2 32. Rxc2 Re8 33. Re1 Rb8
34. Kg3 Rb4 35. e6 d4 36. Re4 c5 37. Re5 fxe6 38. fxe6 c3 39. Rxc5 Rxe6 40. Kf4
d3+ 0-1

[Event "Ïåðâåíñòâî Ìîñêâû ïî øàõìàòàì"]
[Site "Ìîñêâà, ÌÃÈÌÎ ïð. Âåðíàäñêîãî"]
[Date "2018.11.23"]
[Round "7.1"]
[White "Ochirova, Anita"]
[Black "Kirchei, Viktoriia"]
[Result "0-1"]
[WhiteElo "1554"]
[BlackElo "2002"]
[PlyCount "74"]
[EventDate "2018.11.18"]

1. Nf3 d5 2. g3 Bg4 3. Bg2 c6 4. O-O Nd7 5. d3 e6 6. Nbd2 Bd6 7. e4 Ne7 8. h3
Bh5 9. exd5 cxd5 10. c4 Bg6 11. cxd5 Nxd5 12. Nc4 Bc7 13. Qb3 O-O 14. d4 N7b6
15. Nfe5 Bh5 16. g4 Bg6 17. Nxb6 Bxb6 18. Bxd5 exd5 19. Be3 Qd6 20. Qa4 Qf6 21.
Qd7 Rad8 22. Qxb7 Rfe8 23. Qc6 Qh4 24. Kh2 Be4 25. Qc1 Rc8 26. Qd1 Rc2 27. Rc1
Rxb2 28. Qa4 Qe7 29. Rc6 f6 30. Rfc1 fxe5 31. Bg5 Rxf2+ 32. Kg3 Qxg5 33. Kxf2
Bxd4+ 34. Ke2 Qe3+ 35. Kd1 Qg1+ 36. Ke2 Qf2+ 37. Kd1 Bf3# 0-1

[Event "Ïåðâåíñòâî Ìîñêâû ïî øàõìàòàì"]
[Site "Ìîñêâà, ÌÃÈÌÎ ïð. Âåðíàäñêîãî"]
[Date "2018.11.23"]
[Round "7.2"]
[White "Kasaeva, Sofiia"]
[Black "Vetokhina, Sofia"]
[Result "1-0"]
[WhiteElo "1874"]
[BlackElo "1595"]
[PlyCount "49"]
[EventDate "2018.11.18"]

1. e4 c5 2. Nf3 Nc6 3. d4 cxd4 4. Nxd4 g6 5. Nc3 Bg7 6. Be3 Nf6 7. Bc4 O-O 8.
Bb3 Qa5 9. f3 d6 10. Qd2 Bd7 11. O-O-O Rac8 12. h4 Nxd4 13. Bxd4 h5 14. Kb1 e6
15. g4 e5 16. Be3 hxg4 17. h5 Nxh5 18. Qxd6 Nf6 19. Nd5 Nxd5 20. Rxd5 Bb5 21.
Qxg6 fxg6 22. Rxb5+ Rf7 23. Rxa5 Kf8 24. Bxf7 Kxf7 25. fxg4 1-0

[Event "Ïåðâåíñòâî Ìîñêâû ïî øàõìàòàì"]
[Site "Ìîñêâà, ÌÃÈÌÎ ïð. Âåðíàäñêîãî"]
[Date "2018.11.23"]
[Round "7.3"]
[White "Mikhailina, Elena"]
[Black "Zvereva, Margarita"]
[Result "0-1"]
[WhiteElo "1736"]
[BlackElo "1787"]
[PlyCount "130"]
[EventDate "2018.11.18"]

1. e4 c5 2. Nf3 d6 3. d4 cxd4 4. Nxd4 Nf6 5. Nc3 a6 6. f4 Qc7 7. a4 b6 8. Bd3
Nbd7 9. Qe2 Bb7 10. O-O g6 11. Kh1 Bg7 12. Nf3 Nc5 13. Bd2 O-O 14. b4 Nxd3 15.
cxd3 Rac8 16. Rac1 Qd8 17. Qf2 Nd7 18. Ne2 Bb2 19. Rb1 Bg7 20. Rfc1 e5 21. Rxc8
Bxc8 22. Rc1 Bb7 23. Be3 exf4 24. Nxf4 a5 25. bxa5 bxa5 26. Rb1 Bc6 27. Qc2 Ba8
28. Qc4 Qc8 29. Rc1 Qxc4 30. Rxc4 Bf6 31. Nd5 Bxd5 32. exd5 Re8 33. Bg1 Ne5 34.
Re4 Rb8 35. Nxe5 Bxe5 36. g3 h5 37. Kg2 Rb3 38. Re3 Ra3 39. d4 Ra2+ 40. Kh3 Bf6
41. Rb3 Rxa4 42. Rb6 Bxd4 43. Bxd4 Rxd4 44. Rxd6 Kf8 45. Kg2 Ke7 46. Ra6 Rxd5
47. Kf3 Rd3+ 48. Ke4 Ra3 49. Ke5 Ra2 50. h4 Ra3 51. Kf4 Kf8 52. Ra8+ Kg7 53.
Ra7 Ra1 54. Ra6 a4 55. g4 hxg4 56. Kxg4 a3 57. Kg3 a2 58. Kg2 f5 59. Kh2 f4 60.
Ra7+ Kh6 61. h5 Kxh5 62. Ra3 f3 63. Rxf3 Re1 64. Rh3+ Kg5 65. Rg3+ Kf6 0-1

[Event "Ïåðâåíñòâî Ìîñêâû ïî øàõìàòàì"]
[Site "Ìîñêâà, ÌÃÈÌÎ ïð. Âåðíàäñêîãî"]
[Date "2018.11.23"]
[Round "7.4"]
[White "Soblirova, Sabina"]
[Black "Lobanova, Milana"]
[Result "0-1"]
[WhiteElo "1412"]
[BlackElo "1461"]
[PlyCount "122"]
[EventDate "2018.11.18"]

1. d4 d5 2. c4 e6 3. Nf3 c6 4. Qc2 f5 5. Bf4 Nf6 6. e3 Bd6 7. Nc3 O-O 8. Bd3 b6
9. h3 Ne4 10. g4 Bxf4 11. exf4 Qd6 12. cxd5 Qxf4 13. Nxe4 Qxf3 14. Ng3 Qxd5 15.
O-O Qxd4 16. gxf5 exf5 17. Nxf5 Bxf5 18. Bxf5 Qh4 19. Bg4 Qg5 20. Kh1 Qd5+ 21.
Kg1 c5 22. Rad1 Qg5 23. Kh1 Nc6 24. Qe4 Nd4 25. f4 Qf6 26. Rd3 Rae8 27. Qd5+
Qf7 28. Qg5 Qb7+ 29. Kh2 Qe4 30. Rg3 Qg6 31. Qd5+ Qf7 32. Qg5 h6 33. Qh4 Nf5
34. Bxf5 Qxf5 35. Qxh6 Re2+ 36. Kg1 Qf6 37. Qxf6 Rxf6 38. Rg2 Re3 39. Kh2 Rfe6
40. f5 Rf6 41. Rfg1 Re7 42. Rg5 Kf8 43. h4 Rff7 44. R1g2 Ke8 45. Kh3 Kd7 46.
Kg4 Re4+ 47. Kh5 Rf4 48. Rxg7 R4xf5+ 49. Kh6 R5f6+ 50. Kh7 Ke7 51. Rxf7+ Rxf7+
52. Rg7 Kf6 53. Rxf7+ Kxf7 54. Kh6 Kf6 55. Kh7 b5 56. h5 Kf7 57. Kh6 Kf6 58.
Kh7 Kf7 59. Kh6 Kf6 60. Kh7 c4 61. Kg8 Kg5 0-1

[Event "Ïåðâåíñòâî Ìîñêâû ïî øàõìàòàì"]
[Site "Ìîñêâà, ÌÃÈÌÎ ïð. Âåðíàäñêîãî"]
[Date "2018.11.23"]
[Round "7.5"]
[White "Krupnova, Anna"]
[Black "Shevtsova, Stefania"]
[Result "1-0"]
[WhiteElo "1759"]
[BlackElo "1501"]
[PlyCount "101"]
[EventDate "2018.11.18"]

1. d4 d5 2. Nf3 c6 3. c4 Nf6 4. cxd5 cxd5 5. Nc3 Nc6 6. Bf4 a6 7. e3 Bg4 8. Bd3
e6 9. O-O Be7 10. Rc1 O-O 11. a3 Nh5 12. Bg3 Nxg3 13. hxg3 Rc8 14. Qc2 h6 15.
Nh2 Bh5 16. g4 Bg6 17. Bxg6 fxg6 18. Qxg6 Rf6 19. Qd3 Bd6 20. f4 h5 21. gxh5
Rh6 22. g4 Qh4 23. Qe2 g5 24. Qf2 Qxf2+ 25. Rxf2 gxf4 26. exf4 Nxd4 27. Kg2 Rf8
28. Rcf1 Rhf6 29. f5 exf5 30. Nxd5 R6f7 31. g5 f4 32. Ng4 f3+ 33. Kh3 Ne6 34.
Nh6+ Kg7 35. Nxf7 Rxf7 36. Kg4 Nd4 37. Rd2 Nc6 38. Nf6 Be7 39. Ne4 Ne5+ 40. Kg3
Rf5 41. Rd5 b5 42. b4 Kf7 43. Nd6+ Bxd6 44. Rxd6 Rxg5+ 45. Kf4 Rxh5 46. Rxa6
Ke7 47. Ra7+ Kd6 48. Rg7 f2 49. Rxf2 Nd3+ 50. Kg4 Nxf2+ 51. Kxh5 1-0

[Event "Ïåðâåíñòâî Ìîñêâû ïî øàõìàòàì"]
[Site "Ìîñêâà, ÌÃÈÌÎ ïð. Âåðíàäñêîãî"]
[Date "2018.11.23"]
[Round "7.6"]
[White "Gaer, Margarita"]
[Black "Zontova, Olga"]
[Result "1-0"]
[WhiteElo "1672"]
[BlackElo "1022"]
[PlyCount "51"]
[EventDate "2018.11.18"]

1. d4 d5 2. Nf3 Nf6 3. Bf4 g6 4. e3 Bg7 5. Be2 O-O 6. h3 Ne4 7. O-O c5 8. c3 c4
9. Nbd2 Bf5 10. g4 Nxd2 11. Nxd2 Bd7 12. e4 e6 13. e5 f6 14. exf6 Qxf6 15. Bg3
Nc6 16. Nf3 Rae8 17. Qd2 Qe7 18. Rae1 e5 19. dxe5 Nxe5 20. Nxe5 Bxe5 21. Qxd5+
Qf7 22. Qxf7+ Rxf7 23. Bxe5 Rxe5 24. Bxc4 Rxe1 25. Rxe1 h5 26. Re7 1-0

[Event "Ïåðâåíñòâî Ìîñêâû ïî øàõìàòàì"]
[Site "Ìîñêâà, ÌÃÈÌÎ ïð. Âåðíàäñêîãî"]
[Date "2018.11.23"]
[Round "7.7"]
[White "Kirianova, Evgeniia"]
[Black "Mayorova, Varvara"]
[Result "0-1"]
[WhiteElo "1214"]
[BlackElo "1294"]
[PlyCount "66"]
[EventDate "2018.11.18"]

1. c4 e5 2. Nc3 Bb4 3. g3 Bxc3 4. bxc3 f5 5. Bg2 d6 6. e3 Nf6 7. Ne2 O-O 8. O-O
c5 9. f4 e4 10. d3 Be6 11. dxe4 fxe4 12. Qb3 Qc7 13. f5 Bf7 14. Nf4 Nc6 15. Nd5
Bxd5 16. cxd5 Na5 17. Qc2 Rae8 18. c4 Qb6 19. Bd2 Qa6 20. Rac1 b5 21. cxb5 Qxb5
22. Bxa5 Qxa5 23. Qc4 Re5 24. Rf4 Qd2 25. Kh1 Qxe3 26. Rc3 Qd4 27. Qxd4 cxd4
28. Rc4 e3 29. Bf3 e2 30. Bxe2 Rxe2 31. Rfxd4 Rxa2 32. Ra4 Rxa4 33. Rxa4 Nxd5
0-1

[Event "Ïåðâåíñòâî Ìîñêâû ïî øàõìàòàì"]
[Site "Ìîñêâà, ÌÃÈÌÎ ïð. Âåðíàäñêîãî"]
[Date "2018.11.23"]
[Round "7.9"]
[White "Pobedimova, Anastasija"]
[Black "Osipchul, Lidiya"]
[Result "1/2-1/2"]
[WhiteElo "1192"]
[BlackElo "1154"]
[PlyCount "119"]
[EventDate "2018.11.18"]

1. e4 e5 2. Nf3 Nc6 3. Nc3 Nf6 4. Bb5 a6 5. Bxc6 dxc6 6. h3 Bb4 7. d3 Qd6 8.
O-O O-O 9. Kh1 Nh5 10. Nh2 Nf4 11. Ne2 f5 12. Nxf4 exf4 13. c3 Ba5 14. f3 c5
15. a3 b5 16. b4 Bb6 17. bxc5 Qxc5 18. Qb3+ Kh8 19. Bxf4 fxe4 20. fxe4 Bb7 21.
Ng4 Rad8 22. d4 Qc6 23. Rae1 Rde8 24. Ne5 Qe6 25. Qxe6 Rxe6 26. Nd7 Rc8 27.
Nxb6 cxb6 28. d5 Ree8 29. Bd2 Kg8 30. Re3 Rc4 31. Rfe1 Ra4 32. Bc1 a5 33. d6
Bc6 34. e5 Re6 35. Rd1 Rf4 36. Kh2 Rf2 37. Rd2 Rf8 38. Rc2 Bd5 39. Rd2 Bc6 40.
Rd4 Rf2 41. Rd2 Rf8 42. Re1 Rf7 43. Rde2 Rf8 44. Bg5 Rfe8 45. Bh4 h6 46. Bf2
Rb8 47. Rd2 Rb7 48. d7 Bxd7 49. Rd6 Kf7 50. Rxe6 Bxe6 51. Rd1 Rc7 52. Rd3 Rc6
53. Rf3+ Ke7 54. Bh4+ Ke8 55. Rd3 g5 56. Be1 Ke7 57. Rf3 Rc5 58. Re3 Rc6 59.
Rd3 Rc5 60. Bf2 1/2-1/2

[Event "Ïåðâåíñòâî Ìîñêâû ïî øàõìàòàì"]
[Site "Ìîñêâà, ÌÃÈÌÎ ïð. Âåðíàäñêîãî,"]
[Date "2018.11.23"]
[Round "7.14"]
[White "Anchikova, Olga"]
[Black "Prokhina, Ulyana"]
[Result "0-1"]
[WhiteElo "1341"]
[BlackElo "1249"]
[PlyCount "114"]
[EventDate "2018.11.18"]

1. d4 d5 2. Nf3 c5 3. c3 cxd4 4. cxd4 Nf6 5. Bg5 e6 6. e3 Nbd7 7. Bd3 Be7 8.
O-O O-O 9. Nc3 a6 10. Rc1 b5 11. Qc2 h6 12. Bh4 Bb7 13. Rfe1 Rc8 14. Qe2 Nb6
15. b3 Bb4 16. Qb2 Qe7 17. Qa1 Rc6 18. Ne5 Rc7 19. Red1 Ba3 20. Rb1 Rfc8 21.
Ne2 Nbd7 22. Nxd7 Qxd7 23. f3 Ne4 24. b4 Nc3 25. Nxc3 Rxc3 26. Be1 R3c7 27. Bd2
a5 28. bxa5 Qe7 29. Bxb5 Bc6 30. Bxc6 Rxc6 31. Rb6 Rc4 32. a6 Qa7 33. Qb1 Rc2
34. Qb3 Rb2 35. Qxa3 Rxb6 36. Ra1 Qxa6 37. Qxa6 Rxa6 38. a4 Rc2 39. Bb4 Rc4 40.
Bc5 Rcxa4 41. Rxa4 Rxa4 42. f4 Ra2 43. Kf1 Kh7 44. h4 h5 45. Bf8 Kg6 46. g3 Kf6
47. Bd6 Kf5 48. Be5 g6 49. Bg7 Ke4 50. Bf6 Kxe3 51. Be5 Kf3 52. Ke1 Kxg3 53.
Bf6 Kxf4 54. Bg5+ Kg4 55. Bf6 Kg3 56. Kd1 Rh2 57. Ke1 Rxh4 0-1